Personajes más fuertes de Dragón Ball Z(Sin películas) - Estadísticas

Estadísticas generales
  • Esta prueba ha sido intentada 239 veces
  • La puntuación promedio es 18 de 30
Estadísticas de respuestas
Pista Personajes % Correcto
6 Goku
99%
8 Vegeta
98%
10 Cell
92%
24 Freezer
92%
3 Gohan
90%
15 Trunks
87%
14 Piccolo
85%
12 Cell Junior
83%
16 Goten
79%
7 Majin Buu
76%
20 Androide 17
72%
21 Androide 18
72%
25 Krilin
70%
19 Androide 16
67%
23 Androide 19
67%
5 Kid Buu
64%
2 Super Buu
62%
26 Ten Shin Han
62%
27 Yamcha
59%
1 Vegitto
54%
4 Gotenks
47%
28 Ginyu
40%
11 Dabura
37%
17 Supremo Kaiosama
34%
22 Doctor Gero
31%
13 Trunks del Futuro
20%
29 Jeice
15%
18 Kibito
15%
30 Burter
13%
9 Paikuhan
6%
No se encontraron pruebas coincidentes
Distribución de puntuación
Porcentaje de gente con cada puntuación
Porcentaje por número respondido
Historial de tus puntuaciones
No has intentado esta prueba.